La filosofía del hombre que trabaja y que juega (Registro nro. 437036)

Detalles MARC
000 -LÍDER
Campo fijo de descripción fija 00708nam a22002417a 4500
003 - IDENTIFICADOR DEL NÚMERO DE CONTROL
Campo de control BCEG
005 - FECHA Y HORA DE LA ULTIMA TRANSACCIÓN
control field 20260121123343.0
008 - ELEMENTOS DE LONGITUD FIJA -- INFORMACIÓN GENERAL
Campo fijo de descripción fija -- Información general 260121s1921 mx|||||| |||| 00| 0 spa d
040 ## - FUENTE DE CATALOGACIÓN
Agencia de catalogación original BCEG
Idioma de catalogación spa
Agencia que realiza la transcripción BCEG
082 04 - NÚMERO DE CLASIFICACIÓN DECIMAL DEWEY
Número de clasificación 196.1
Clave de autor-Numero de item O761f
100 1# - ASIENTO PRINCIPAL--NOMBRE PERSONAL
Nombre del autor personal Ors y Novira, Eugenio d',
Fechas asociadas con el nombre 1882-1954.
245 13 - TÍTULO PROPIAMENTE DICHO
Título La filosofía del hombre que trabaja y que juega
Otra información sobre el título - Subtitulo : antología filosófica.
260 ## - PUBLICACIÓN, DISTRIBUCIÓN, ETC. (PIE DE IMPRENTA)
Lugar de publicación, distribución, etc. México ;
Nombre del editor, distribuidor, etc. Cultura,
Fecha de publicación, distribución, etc. 1921.
300 ## - DESCRIPCIÓN FÍSICA
Extensión 181 p.
490 ## - MENCIÓN DE SERIE
Mención de serie Cultura ;
Designación numérica/secuencial del volumen 13-5.
541 ## - NOTA DE FUENTE INMEDIATA DE ADQUISICIÓN
Nota de fuente de adquisición Donación.
650 14 - ASIENTO SECUNDARIO DE MATERIA - TERMINO TEMÁTICO
Término temático o nombre geográfico como elemento de entrada Filosofía española.
650 14 - ASIENTO SECUNDARIO DE MATERIA - TERMINO TEMÁTICO
Término temático o nombre geográfico como elemento de entrada Pragmatismo.
700 1# - ASIENTO SECUNDARIO - NOMBRE PERSONAL
Nombre personal Rucabado, Ramón,
Función o responsabilidad del autor comp.
700 1# - ASIENTO SECUNDARIO - NOMBRE PERSONAL
Nombre personal Farrán Mayoral, José,
Función o responsabilidad del autor comp.
700 1# - ASIENTO SECUNDARIO - NOMBRE PERSONAL
Nombre personal Morente, Manuel G.,
Función o responsabilidad del autor introd.
942 ## - TIPO DE MATERIAL (KOHA)
Tipo de Item KOHA Libro
Existencias
No para Préstamo Colección Biblioteca de Origen Biblioteca Permanente Fecha de Adquisición Fuente de Adquisicion Total de Préstamos Signatura Topográfica Código de Barras Última vez visto Tipo de Material
Material en Reserva General Biblioteca Central Estatal de Guanajuato, "Wigberto Jiménez Moreno" Biblioteca Central Estatal de Guanajuato, "Wigberto Jiménez Moreno" 21/01/2026 DONAD   196.1 O761f BCEG8655230804 21/01/2026 Libro